000 00288nam a22001337a 4500
003 SGT
082 _a617
_bC08E
100 _aELLIS, HAROLD
245 _aCLINICAL CASES UNCOVERED SURGERY
260 _aBLACKWELL
_bWILEY
_c2008
300 _a297
650 _aSURGERY
942 _2ddc
_cBK
999 _c14848
_d14848